20 Biggest Cities in Arkansas - Statistics

General Stats
  • This quiz has been taken 76 times
  • The average score is 13 of 20
Answer Stats
Hint Answer % Correct
204,244 Little Rock
100%
103,979 Fayetteville
93%
64,486 North Little Rock
84%
38,371 Benton
82%
61,020 Bentonville
82%
89,975 Fort Smith
82%
81,246 Jonesboro
82%
29,172 Texarkana
82%
71,324 Conway
78%
88,524 Springdale
78%
38,504 Pine Bluff
76%
38,001 Hot Springs
73%
75,264 Rogers
69%
28,956 Jacksonville
51%
29,466 Russellville
51%
33,087 Bella Vista
40%
33,222 Sherwood
40%
27,401 Cabot
38%
30,808 Paragould
38%
25,857 Centerton
20%
No matching quizzes found
Score Distribution
Percent of People with Each Score
Percentile by Number Answered
Your Score History
You have not taken this quiz